000 00500nam a22001817a 4500
003 0
005 20241115133543.0
008 231118b xxu||||| |||| 00| 0 eng d
020 _a978-1-407157-29-0
050 _aFIC
_bSt859 2016
082 _aFIC
_bSt859 2016
100 _aStine, R.L.
245 _aGoosebumps : attack of the graveyard ghouls
_c R.L. Stine
260 _aLondon
_bScholastic Inc.,
_cc2016.
300 _a116 pages ;
_c20 cm.
650 _aThriller--Fiction.
942 _2ddc
_cBK
999 _c365635
_d365635